[Event "RSA-chT U12"]
[Site "Cape Town"]
[Date "2016.01.05"]
[Round "3.3"]
[White "Reddy, Rai"]
[Black "Nieuwoudt, Amelie"]
[Result "1-0"]
[WhiteElo "1063"]
[BlackElo "928"]
[PlyCount "133"]
[EventDate "2016.01.04"]
[EventType "team-tourn"]
[EventRounds "7"]
[EventCountry "RSA"]
[SourceTitle "CBM 170 Extra"]
[Source "ChessBase"]
[SourceDate "2016.02.25"]
[SourceVersion "1"]
[SourceVersionDate "2016.02.25"]
[SourceQuality "1"]
[WhiteTeam "Ethekwini"]
[BlackTeam "Johannesburg Metro"]
[WhiteTeamCountry "RSA"]
[BlackTeamCountry "RSA"]

1. e4 e6 2. d4 d5 3. e5 c5 4. Be3 Nc6 5. Nf3 Qb6 6. b3 Nge7 7. dxc5 Qa5+ 8. Nbd2 Nf5 9. Bf4 Bxc5 10. Be2 0-0 11. 0-0 Bd7 12. a3 Qc7 13. b4 Bd4 14. Rb1 Bxe5 15. Nxe5 Nxe5 16. Bd3 Ba4 17. Re1 f6 18. Nb3 Bxb3 19. Rxb3 Nd4 20. Rb2 Rac8 21. Bxh7+ Kf7 22. Qxd4 Qc3 23. Qxc3 Rxc3 24. Bxe5 fxe5 25. Rxe5 Rxa3 26. h3 Ke7 27. Bd3 Ra1+ 28. Bf1 Rd1 29. c3 d4 30. cxd4 Rxd4 31. Kh2 Rff4 32. b5 Ra4 33. g3 Rfd4 34. Re1 a6 35. bxa6 bxa6 36. Rb6 Rd6 37. Rxd6 Kxd6 38. Rd1+ Ke5 39. Re1+ Kd6 40. h4 a5 41. Bh3 Kc5 42. Bxe6 Rb4 43. g4 a4 44. f3 a3 45. Kg3 Ra4 46. h5 a2 47. Bxa2 Rxa2 48. g5 Ra6 49. Rh1 Kd5 50. h6 gxh6 51. gxh6 Rg6+ 52. Kf2 Rg8 53. h7 Rh8 54. Kg3 Ke6 55. Kg4 Kf7 56. Kg5 Kg7 57. Rh6 Rxh7 58. Rxh7+ Kxh7 59. f4 Kg7 60. Kf5 Kf7 61. Ke5 Ke7 62. f5 Kf7 63. f6 Kg8 64. Ke6 Kf8 65. f7 Kg7 66. Ke7 Kg6 67. f8Q 1-0

[Event "RSA-chT U12"]
[Site "Cape Town"]
[Date "2016.01.04"]
[Round "1.3"]
[White "Thakersee, Rishay"]
[Black "Reddy, Rai"]
[Result "1-0"]
[WhiteElo "1340"]
[BlackElo "1063"]
[PlyCount "37"]
[EventDate "2016.01.04"]
[EventType "team-tourn"]
[EventRounds "7"]
[EventCountry "RSA"]
[SourceTitle "CBM 170 Extra"]
[Source "ChessBase"]
[SourceDate "2016.02.25"]
[SourceVersion "1"]
[SourceVersionDate "2016.02.25"]
[SourceQuality "1"]
[WhiteTeam "Western Province"]
[BlackTeam "Ethekwini"]
[WhiteTeamCountry "RSA"]
[BlackTeamCountry "RSA"]

1. e4 e5 2. Nf3 Nc6 3. d4 exd4 4. Nxd4 Nf6 5. Nc3 Bb4 6. Nxc6 bxc6 7. Bd3 0-0 8. 0-0 d6 9. Bg5 Re8 10. Qf3 Bg4 11. Bxf6 Bxf3 12. Bxd8 Raxd8 13. gxf3 Re5 14. f4 Rh5 15. Ne2 Re8 16. Ng3 Rh4 17. c3 Bc5 18. b4 Bb6 19. f5 1-0